Sejarah Kedah sepintas lalu

Bibliographic Details
Main Author: Haji Ibrahim Ismail
Format: Book
Published: Sintok : Penerbit Universiti Utara Malaysia , 2008
Subjects:

MARC

LEADER 00000cam a2200000 7i4500
001 0000120633
005 20080909.0
020 |a 9839559028 
090 0 0 |a 959.5112   |b IBR 
100 1 |a Haji Ibrahim Ismail 
245 1 0 |a Sejarah Kedah sepintas lalu   |c Hj Ibrahim Ismail 
260 |a Sintok :   |b Penerbit Universiti Utara Malaysia ,   |c 2008 
300 |a 248p. ;   |c 23cm. 
651 0 |a Kedah   |x History 
651 0 |a Kedah   |x Politics and government 
651 0 |a Kedah   |x Sultan 
999 |a 00217892   |b BUKU   |c MALAYSIANA   |e PERPUSTAKAAN KOMUNITI PETALING JAYA